[Event "Czech Open A 2013"]
[Site "Pardubice CZE"]
[Date "2013.07.24"]
[Round "6.31"]
[White "Krejci,Jan2"]
[Black "Chos,A"]
[Result "1/2-1/2"]
[WhiteElo "2521"]
[BlackElo "2362"]
[EventDate "2013.07.19"]

1. Nf3 Nf6 2. c4 c6 3. Nc3 d5 4. e3 e6 5. b3 Nbd7 6. Bb2 a6 7. Qc2 Bd6 8. d4 O-O
9. Bd3 dxc4 10. bxc4 e5 11. c5 Bc7 12. O-O Qe7 13. Ne4 Nxe4 14. Bxe4 g6 15. Nxe5
Nxe5 16. dxe5 Bxe5 17. Bxe5 Qxe5 18. Rad1 Re8 19. Rd4 Qe7 20. Rb1 Rb8 21. Rdb4
Qc7 22. R1b2 Qa5 23. h3 Re5 24. Ra4 Qxc5 25. Qxc5 Rxc5 26. Rxa6 Be6 27. Rxc6
Rxc6 28. Bxc6 Bxa2 29. Rxb7 Rxb7 30. Bxb7 Kg7 31. g3 g5 32. Kg2 Be6 33. Be4 h6
34. f4 f6 35. Bf3 Bd7 36. Bg4 Bc6+ 37. Kf2 Kf7 38. Bf5 Ke7 39. e4 Kd6 40. Kf3
Ba4 41. Bc8 Bd1+ 42. Ke3 Ba4 43. Kd4 gxf4 44. gxf4 Bc2 45. Bf5 Ba4 46. Ke3 Bd1
47. Kf2 Kc5 48. Ke3 Kd6 49. Kd4 Ba4 50. e5+ Ke7 51. Bg4 Bc2 52. Ke3 Bg6 53. Kf2
Bc2 54. Kg3 Bg6 55. Kh4 fxe5 56. fxe5 Bf7 57. Bf5 Be8 58. Kg4 Bf7 59. Bc2 Be6+
60. Bf5 Bf7 61. Kf4 Bb3 62. Bg4 Bc2 63. Bf3 Bg6 64. Bd5 Bc2 65. h4 Bg6 66. Be4
Bh5 67. Kf5 Be8 68. Bd5 Bh5 69. Bc4 Be8 70. Be2 Bf7 71. Bd1 Be8 72. Bb3 Bh5 73.
Bg8 Be8 74. Be6 Bh5 75. Bc8 Be8 76. e6 Bf7 77. Bd7 Bh5 78. Bc8 Bf7 79. exf7 Kxf7
80. Be6+ Kg7 81. h5 1/2-1/2

[Event "Czech Open A 2013"]
[Site "Pardubice CZE"]
[Date "2013.07.24"]
[Round "6.32"]
[White "Gretarsson,Hj"]
[Black "Suran,J"]
[Result "1-0"]
[WhiteElo "2511"]
[BlackElo "2362"]
[EventDate "2013.07.19"]

1. d4 Nf6 2. c4 g6 3. Nc3 Bg7 4. e4 d6 5. Nf3 O-O 6. Be2 c5 7. d5 e6 8. O-O Re8
9. dxe6 Bxe6 10. Bf4 Bg4 11. Bxd6 Nxe4 12. Nxe4 Rxe4 13. Bxc5 Nc6 14. Be3 Bxf3
15. Bxf3 Rxc4 16. b3 Bxa1 17. bxc4 Be5 18. Qxd8+ Rxd8 19. Rb1 Rd7 20. Bd5 Kg7
21. g3 Bd4 22. Bxd4+ Nxd4 23. Bxb7 Ne2+ 24. Kg2 Nc3 25. Rb2 Nxa2 26. c5 Nc3 27.
Bf3 Rc7 28. c6 a6 29. Rb6 Nb5 30. Rxa6 Nd4 31. Bd5 Kf6 32. Rb6 Ke5 33. Rb7 Kd6
34. Rxc7 Kxc7 35. Bxf7 Kxc6 36. Bg8 h6 37. Bh7 g5 38. Kh3 Kd5 39. Kg4 Ke5 40.
Kh5 Kf6 41. Kxh6 Nf3 42. Bd3 Ne5 43. Be2 Nc6 44. Kh5 Nd4 45. Bg4 Nc6 46. h4 gxh4
47. Kxh4 Ne5 48. f4 Ng6+ 49. Kh3 Ne7 50. Kg2 Nd5 51. Be2 Nc3 52. Bd3 Nd5 53. Kf3
Nc7 54. g4 Ne6 55. Kg3 Kg7 56. g5 Nc5 57. Bc2 Ne6 58. Kg4 Nd4 59. Bb1 Nc6 60. f5
Ne5+ 61. Kf4 Nd7 62. Bd3 Nc5 63. f6+ Kf7 64. Bf5 1-0

[Event "Czech Open A 2013"]
[Site "Pardubice CZE"]
[Date "2013.07.24"]
[Round "6.33"]
[White "Sergeyev,A"]
[Black "Stupak,K"]
[Result "1/2-1/2"]
[WhiteElo "2368"]
[BlackElo "2510"]
[EventDate "2013.07.19"]

1. d4 e6 2. Nf3 Nf6 3. Bg5 c5 4. c3 b6 5. e3 Bb7 6. Bd3 Be7 7. Nbd2 h6 8. Bh4
cxd4 9. exd4 d6 10. h3 Nbd7 11. Qe2 Qc7 12. Bg3 O-O 13. O-O Rac8 14. Rfe1 Qb8
15. a4 Bd8 16. a5 Bc7 17. axb6 axb6 18. Bb5 Bxf3 19. Qxf3 d5 20. Bxc7 Qxc7 21.
Ra3 Ra8 22. Rea1 Rxa3 23. Rxa3 Rb8 24. Qd1 Nf8 25. g3 Ng6 26. Kg2 Ne7 27. Qa1
Nc8 28. Nf3 Nd6 29. Ra7 Rb7 30. Ra8+ Kh7 1/2-1/2

[Event "Czech Open A 2013"]
[Site "Pardubice CZE"]
[Date "2013.07.24"]
[Round "6.34"]
[White "Cerveny,M"]
[Black "Boros,De"]
[Result "1/2-1/2"]
[WhiteElo "2357"]
[BlackElo "2504"]
[EventDate "2013.07.19"]

1. d4 Nf6 2. c4 e6 3. Nf3 d5 4. Nc3 Nbd7 5. cxd5 exd5 6. Bg5 Bb4 7. Qc2 c6 8. a3
Qa5 9. Nd2 h6 10. Bh4 c5 11. Ra2 Bxc3 12. Qxc3 Qxc3 13. bxc3 O-O 14. e3 Re8 15.
Be2 Nb6 16. Bxf6 gxf6 17. a4 Bd7 18. Bb5 Bxb5 19. axb5 a6 20. bxa6 Rxa6 21. Rxa6
bxa6 22. Ke2 Na4 1/2-1/2

[Event "Czech Open A 2013"]
[Site "Pardubice CZE"]
[Date "2013.07.24"]
[Round "6.35"]
[White "Harika,D"]
[Black "Dauth,B"]
[Result "0-1"]
[WhiteElo "2489"]
[BlackElo "2349"]
[EventDate "2013.07.19"]

1. d4 d5 2. c4 c6 3. Nc3 Nf6 4. e3 e6 5. Nf3 Be7 6. Bd3 O-O 7. O-O b6 8. e4 dxc4
9. Bxc4 Ba6 10. Bxa6 Nxa6 11. Qa4 Qc8 12. Bg5 h6 13. Bh4 b5 14. Qc2 Qb7 15. Rfd1
Rfd8 16. e5 Ne8 17. Bxe7 Qxe7 18. a3 Qb7 19. Ne4 b4 20. Rdc1 Rdc8 21. Nfd2 bxa3
22. bxa3 c5 23. dxc5 Qd5 24. Qc4 Rc6 25. Qxd5 exd5 26. Nc3 Nec7 27. Na4 Re8 28.
Nb3 Rxe5 29. Re1 Rce6 30. Rxe5 Rxe5 31. Kf1 Kf8 32. Nb2 Re8 33. Nd3 Rb8 34. Nd4
Ne6 35. Nxe6+ fxe6 36. Ke2 Rb5 37. a4 Ra5 38. c6 Ke7 39. Rb1 Kd6 40. Rb7 Nc7 41.
Rb4 Kxc6 42. Rg4 Ne8 43. Rb4 Nd6 44. Rg4 Nf5 45. Kd2 g5 46. Ne5+ Kc5 47. Nf3 Nd6
48. Kc2 Ne4 49. Nd2 Rxa4 50. Kb3 Rb4+ 51. Ka3 a5 52. Nxe4+ Rxe4 53. Rg3 d4 54.
Rb3 Re2 55. Rf3 Kc4 56. Rf8 d3 57. Rc8+ Kd4 58. Rd8+ Ke4 59. Re8 e5 60. f3+ Kd4
61. Kb3 a4+ 62. Kxa4 Rb2 0-1

[Event "Czech Open A 2013"]
[Site "Pardubice CZE"]
[Date "2013.07.24"]
[Round "6.36"]
[White "Savitskiy,S"]
[Black "Bryzgalin,K"]
[Result "1/2-1/2"]
[WhiteElo "2351"]
[BlackElo "2470"]
[EventDate "2013.07.19"]

1. e4 e5 2. Nf3 Nc6 3. Bb5 a6 4. Ba4 Nf6 5. O-O Be7 6. Re1 b5 7. Bb3 O-O 8. d3
d6 9. c3 h6 10. Nbd2 Na5 11. Bc2 c5 12. Nf1 Re8 13. Ng3 Bf8 1/2-1/2

[Event "Czech Open A 2013"]
[Site "Pardubice CZE"]
[Date "2013.07.24"]
[Round "6.37"]
[White "Akesson,R"]
[Black "Kislik,E"]
[Result "1/2-1/2"]
[WhiteElo "2469"]
[BlackElo "2345"]
[EventDate "2013.07.19"]

1. Nf3 d5 2. d4 Nf6 3. c4 e6 4. Nc3 c6 5. e3 Nbd7 6. Qc2 Bd6 7. b3 O-O 8. Be2 e5
9. cxd5 cxd5 10. Nb5 Bb4+ 11. Bd2 Bxd2+ 12. Nxd2 a6 13. dxe5 Nxe5 14. Nd4 Bg4
15. Bxg4 Nfxg4 16. O-O Rc8 17. Qd1 Nf6 18. N2f3 Qe7 19. Nxe5 Qxe5 20. Rc1 Rc7
21. Rxc7 Qxc7 22. Qc1 Rc8 23. Qxc7 Rxc7 24. f3 g6 25. Kf2 Kf8 26. g4 h5 27. h3
hxg4 28. hxg4 Ke7 29. Rd1 Ne8 30. Rd2 Ng7 31. Ne2 Ne6 32. f4 Rd7 33. Kf3 Nc5 34.
Nc3 Ke6 35. Rd4 f5 36. g5 Ne4 37. Rd3 Rc7 38. Ne2 Kd6 39. Nd4 Rc1 40. Kg2 Ra1
41. a4 Ra2+ 42. Kg1 Ra1+ 43. Kg2 Re1 44. Nf3 Re2+ 45. Kg1 Nf2 46. Rc3 Nh3+ 47.
Kh1 Nf2+ 48. Kg1 Ng4 49. Nh4 Re1+ 50. Kg2 Nxe3+ 51. Kf2 Rh1 52. Nxg6 Nd1+ 53.
Kg2 Nxc3 54. Kxh1 d4 55. Ne5 Ne4 56. Kg2 Ke6 57. Nd3 a5 58. Kh3 b6 59. Kh4 Kf7
60. Kh3 Nc5 1/2-1/2

[Event "Czech Open A 2013"]
[Site "Pardubice CZE"]
[Date "2013.07.24"]
[Round "6.38"]
[White "Vastrukhin,O"]
[Black "Breder,D"]
[Result "0-1"]
[WhiteElo "2360"]
[BlackElo "2465"]
[EventDate "2013.07.19"]

1. Nf3 c5 2. g3 Nc6 3. Bg2 g6 4. c3 e5 5. d4 cxd4 6. cxd4 e4 7. Ne5 d5 8. O-O
Bg7 9. Nxc6 bxc6 10. Nc3 Ne7 11. e3 h5 12. b3 Bg4 13. Qc2 Qd6 14. a4 h4 15. Ba3
Qe6 16. Bxe7 Kxe7 17. Na2 Bf3 18. Rfc1 Rac8 19. Nb4 c5 20. dxc5 Bxa1 21. Rxa1
Bxg2 22. Kxg2 a5 23. Na2 Qf6 24. Qd1 hxg3 25. fxg3 Rxh2+ 0-1

[Event "Czech Open A 2013"]
[Site "Pardubice CZE"]
[Date "2013.07.24"]
[Round "6.39"]
[White "Gutenev,A"]
[Black "Malinovsky,K"]
[Result "1/2-1/2"]
[WhiteElo "2350"]
[BlackElo "2462"]
[EventDate "2013.07.19"]

1. e4 c5 2. Nf3 d6 3. d4 cxd4 4. Nxd4 Nf6 5. Nc3 Nc6 6. Bg5 e6 7. Qd2 a6 8.
O-O-O h6 9. Nxc6 bxc6 10. Bf4 d5 11. Qe3 Qa5 12. Be2 Bb4 13. Be5 Be7 14. h4 O-O
15. exd5 Nxd5 16. Nxd5 cxd5 17. Kb1 f6 18. Bc3 Qc5 19. Bd4 Qc7 20. f4 Bd6 21.
Rhf1 Bd7 22. b3 a5 23. f5 Be5 24. Bxe5 Qxe5 25. Qxe5 fxe5 26. fxe6 Bxe6 27. Bb5
Rfc8 28. Rfe1 e4 29. Kb2 Rc5 30. c4 dxc4 31. Rxe4 Rxb5 32. Rxe6 Rab8 33. Rd7
cxb3 34. Rg6 bxa2+ 35. Kxa2 Rb2+ 36. Ka3 R2b3+ 37. Ka2 Rb2+ 38. Ka3 1/2-1/2

[Event "Czech Open A 2013"]
[Site "Pardubice CZE"]
[Date "2013.07.24"]
[Round "6.40"]
[White "Stromboli,C"]
[Black "Matsenko,S"]
[Result "1/2-1/2"]
[WhiteElo "2326"]
[BlackElo "2458"]
[EventDate "2013.07.19"]

1. e4 c5 2. Nf3 Nc6 3. d4 cxd4 4. Nxd4 Qc7 5. Nc3 e6 6. Be3 a6 7. Qd2 Nf6 8.
O-O-O Be7 9. Nb3 d6 10. f3 h5 11. Kb1 Rb8 12. Bg5 b5 13. Ne2 Ne5 14. Ned4 Nc4
15. Qe1 Bb7 16. h4 d5 17. exd5 Nxd5 18. Bd3 O-O 19. Nxe6 1/2-1/2

[Event "Czech Open A 2013"]
[Site "Pardubice CZE"]
[Date "2013.07.24"]
[Round "6.41"]
[White "Zubritskiy,A"]
[Black "Gavrilov,Al1"]
[Result "1/2-1/2"]
[WhiteElo "2320"]
[BlackElo "2452"]
[EventDate "2013.07.19"]

1. d4 d5 2. c4 c6 3. Nf3 Nf6 4. e3 Bf5 5. Nc3 e6 6. Nh4 Bg4 7. Qb3 Qc7 8. h3 Bh5
9. g4 Bg6 10. Nxg6 hxg6 11. Bg2 Nbd7 12. Bd2 Be7 13. g5 dxc4 14. Qxc4 Nb6 15.
Qb3 Nfd5 16. Ne4 e5 17. dxe5 Qxe5 18. f4 Qe6 19. O-O-O a5 20. Kb1 a4 21. Qc2 a3
22. b3 O-O 23. h4 Nb4 24. Bxb4 Bxb4 25. h5 Rfd8 26. hxg6 Rxd1+ 27. Rxd1 fxg6 28.
Bf1 Re8 29. Nf6+ gxf6 30. Qxg6+ Kf8 31. Qh6+ Kg8 32. Qg6+ Kf8 33. Qh6+ Kg8 1/2-1/2

[Event "Czech Open A 2013"]
[Site "Pardubice CZE"]
[Date "2013.07.24"]
[Round "6.42"]
[White "Bystrov,SM"]
[Black "Plat,V"]
[Result "0-1"]
[WhiteElo "2273"]
[BlackElo "2447"]
[EventDate "2013.07.19"]

1. e4 c5 2. Nf3 Nc6 3. d4 cxd4 4. Nxd4 e5 5. Nb5 a6 6. Nd6+ Bxd6 7. Qxd6 Qf6 8.
Qxf6 Nxf6 9. Nc3 d6 10. Bg5 Be6 11. O-O-O Ke7 12. f3 Rac8 13. Kb1 b5 14. Nd5+
Bxd5 15. Rxd5 Nd4 16. c3 Ne6 17. Bxf6+ gxf6 18. g3 h5 19. Bh3 h4 20. Bxe6 fxe6
21. Rdd1 f5 22. exf5 exf5 23. Kc2 Rcg8 24. Rhg1 hxg3 25. hxg3 Rh3 26. g4 Rxf3
27. gxf5 Rxg1 28. Rxg1 Rxf5 29. Kd3 Rf2 30. Rg7+ Ke6 31. Ra7 Rxb2 32. Rxa6 Kd5
33. Ke3 Rc2 34. Kd3 Rh2 35. a4 e4+ 36. Ke3 Rc2 37. c4+ Rxc4 38. axb5 Rb4 39. Rb6
Ke5 40. Rb8 Rb3+ 41. Kd2 Kd4 42. b6 d5 43. b7 e3+ 44. Kc2 Rc3+ 45. Kd1 Rc7 46.
Ke2 Rh7 47. Re8 Rxb7 48. Rxe3 Rb2+ 49. Kf3 Kc4 50. Re1 d4 51. Rc1+ Kd3 52. Rd1+
Kc3 53. Rc1+ Rc2 54. Re1 d3 55. Ke3 Kc4 56. Ra1 Re2+ 57. Kf3 Re8 58. Ra7 d2 59.
Rc7+ Kd3 0-1

[Event "Czech Open A 2013"]
[Site "Pardubice CZE"]
[Date "2013.07.24"]
[Round "6.43"]
[White "Malakhov,I"]
[Black "Konguvel,P"]
[Result "1/2-1/2"]
[WhiteElo "2442"]
[BlackElo "2319"]
[EventDate "2013.07.19"]

1. e4 c5 2. Nf3 d6 3. d4 cxd4 4. Nxd4 Nf6 5. f3 e5 6. Nb3 Be6 7. c4 Nbd7 8. Be3
Rc8 9. N3d2 Be7 10. Be2 O-O 11. O-O Nb6 12. Qb3 Nfd7 13. Nc3 Bg5 14. Nd5 Nc5 15.
Bxg5 Qxg5 16. Qe3 Qxe3+ 17. Nxe3 g6 18. b4 Nca4 19. Rac1 f5 20. exf5 gxf5 21. f4
e4 22. g4 Rce8 23. gxf5 Bxf5 24. c5 dxc5 25. bxc5 Nd7 26. Bb5 Naxc5 27. Rxc5
Nxc5 28. Bxe8 Bh3 29. Rc1 Nd3 30. Rc7 Rxe8 31. Nd5 Kf8 32. Rxh7 e3 33. Nf3 Be6
34. Rh8+ Bg8 35. Nf6 Kg7 36. Rxg8+ Rxg8 37. Nxg8 Kxg8 38. Nd4 Nxf4 39. Nf5 e2
40. Kf2 Nd3+ 41. Kxe2 Nc1+ 42. Kd2 Nxa2 43. Nd6 1/2-1/2

[Event "Czech Open A 2013"]
[Site "Pardubice CZE"]
[Date "2013.07.24"]
[Round "6.44"]
[White "Sochacki,W"]
[Black "Sundararajan,K"]
[Result "0-1"]
[WhiteElo "2264"]
[BlackElo "2435"]
[EventDate "2013.07.19"]

1. e4 c6 2. Nc3 d5 3. Nf3 Bg4 4. h3 Bxf3 5. Qxf3 e6 6. d4 Nd7 7. Bd3 dxe4 8.
Nxe4 Ngf6 9. c3 Nxe4 10. Qxe4 Nf6 11. Qe2 Bd6 12. Bg5 h6 13. Bd2 Qc7 14. O-O
Bh2+ 15. Kh1 Bf4 16. Bxf4 Qxf4 17. Qe5 Qxe5 18. dxe5 Nd7 19. f4 g5 20. Rae1 gxf4
21. Rxf4 Ke7 22. Bc2 Rad8 23. b4 Rhg8 24. g4 Rg5 25. Rfe4 h5 26. Kg2 hxg4 27.
hxg4 Nxe5 28. Kg3 Rd2 29. Bb3 Rd3+ 30. Kf2 Nxg4+ 31. Ke2 Ne5 0-1

[Event "Czech Open A 2013"]
[Site "Pardubice CZE"]
[Date "2013.07.24"]
[Round "6.45"]
[White "Vassallo Barroche,M"]
[Black "Battey,A"]
[Result "1/2-1/2"]
[WhiteElo "2434"]
[BlackElo "2304"]
[EventDate "2013.07.19"]

1. Nf3 Nf6 2. d4 e6 3. e3 b6 4. Bd3 Bb7 5. b3 c5 6. Bb2 cxd4 7. exd4 Nc6 8. c4
Nb4 9. Be2 d5 10. O-O Be7 11. Nbd2 dxc4 12. bxc4 O-O 13. a3 Nc6 14. Bd3 Rc8 15.
Re1 Qd6 16. Nf1 Rfd8 17. Ne3 g6 18. Bf1 Bf8 19. d5 exd5 20. Bxf6 Qxf6 21. Nxd5
Qg7 22. Ng5 Nd4 23. Qg4 h6 24. Rad1 Nf5 25. Ne4 Bxd5 26. cxd5 Bxa3 27. d6 Bxd6
28. Nxd6 Rxd6 29. Rxd6 Nxd6 30. Qd7 Qd4 31. Qxa7 Rc2 32. Qa8+ Kg7 33. Qf3 Qf6
34. Qe3 Rb2 35. Rd1 Nf5 36. Qe4 Ra2 37. h3 Ra1 38. Rxa1 Qxa1 39. Qb4 Qd4 40. Qb3
Nd6 41. Bd3 Qa1+ 42. Bf1 Qd4 43. Bd3 Nb7 44. Ba6 Qa1+ 45. Bf1 Qf6 46. Qd5 Nd6
47. Bd3 Qf4 48. Qb3 Qc1+ 49. Bf1 Qc5 50. Qb2+ Kg8 51. Bd3 Qd5 52. Bf1 b5 53. Qb4
Nc4 54. Be2 Qe4 55. Bf1 Qd5 56. Be2 Qe4 1/2-1/2

[Event "Czech Open A 2013"]
[Site "Pardubice CZE"]
[Date "2013.07.24"]
[Round "6.53"]
[White "Krensing,J"]
[Black "Sipos,I"]
[Result "1/2-1/2"]
[WhiteElo "2325"]
[BlackElo "2471"]
[EventDate "2013.07.19"]

1. d4 Nf6 2. c4 e6 3. Nc3 Bb4 4. e3 c5 5. Bd3 Nc6 6. Ne2 d5 7. cxd5 exd5 8. a3
Bxc3+ 9. bxc3 c4 10. Bc2 Ne7 11. f3 Bf5 12. Ng3 Bxc2 13. Qxc2 h5 14. e4 h4 15.
Ne2 Qd7 16. Bg5 Rh5 17. Bxf6 gxf6 18. Nf4 Rg5 19. O-O O-O-O 20. Rf2 Rdg8 21. Qe2
Qc7 22. Nxd5 Nxd5 23. exd5 h3 24. g3 Rxd5 25. Rb1 Kb8 26. Rb4 a5 27. Rb1 Rd6 28.
Qf1 Re6 29. Rfb2 Rge8 30. Rxb7+ Qxb7 31. Rxb7+ Kxb7 32. Qxc4 R8e7 33. g4 Re2 34.
Qb5+ Kc8 35. Qa6+ Kd7 36. Kf1 Rb2 37. d5 f5 38. gxf5 Kd8 39. Qxa5+ Kd7 40. Qa6
Kd8 41. Qd6+ Ke8 42. f6 Re1+ 43. Kxe1 Re2+ 44. Kf1 Rf2+ 45. Kg1 Rg2+ 46. Kh1
Rg1+ 1/2-1/2

[Event "Czech Open A 2013"]
[Site "Pardubice CZE"]
[Date "2013.07.24"]
[Round "6.90"]
[White "Le Ruyet,L"]
[Black "Yefimov,M"]
[Result "1/2-1/2"]
[WhiteElo "2273"]
[BlackElo "2137"]
[EventDate "2013.07.19"]

1. e4 e5 2. Nf3 d6 3. d4 exd4 4. Qxd4 Nc6 5. Bb5 Ne7 6. Be3 a6 7. Bxc6+ Nxc6 8.
Qd2 Be7 9. Nc3 O-O 10. O-O-O Be6 11. h4 Ne5 12. Nxe5 dxe5 13. Qe2 Qc8 14. Nd5
Bxd5 15. Rxd5 Qe6 16. Kb1 Rad8 17. Rhd1 c6 18. Rxd8 Rxd8 19. Rxd8+ Bxd8 20. g3
Qd7 21. c4 g6 22. Kc2 h5 23. c5 Be7 24. Qc4 Bd8 25. Bd2 Bf6 26. Bc3 Bg7 27. a4
Kf8 28. b4 Ke7 29. f4 Qe6 30. Qd3 f5 31. Kb2 Bf6 32. exf5 gxf5 33. fxe5 Bxe5 34.
Qe3 Bxc3+ 35. Qxc3 Qf6 36. Kc2 f4 37. gxf4 Qxf4 38. Qg7+ Ke6 39. Qg6+ Ke7 1/2-1/2

[Event "Czech Open A 2013"]
[Site "Pardubice CZE"]
[Date "2013.07.25"]
[Round "7.1"]
[White "Nisipeanu,LD"]
[Black "Laznicka,V"]
[Result "1/2-1/2"]
[WhiteElo "2670"]
[BlackElo "2684"]
[EventDate "2013.07.19"]

1. e4 d5 2. exd5 Qxd5 3. Nc3 Qa5 4. d4 Nf6 5. Nf3 Bf5 6. Bd2 e6 7. Bc4 Bb4 8. a3
Bxc3 9. Bxc3 Qb6 10. O-O Nc6 11. a4 a5 12. Bb5 O-O 13. Nd2 Nb4 14. Nc4 Qa7 15.
Ne3 Bg6 16. Be1 c6 17. c3 Nbd5 18. Nxd5 Nxd5 19. Bd3 Rfd8 20. Bxg6 hxg6 21. Bd2
c5 22. dxc5 Qxc5 23. Qb3 Rd7 24. Rad1 Rad8 25. Bc1 Qc6 26. Rd4 Nb6 27. Rh4 Rd3
28. h3 e5 29. Re1 Nd7 30. Be3 Nc5 31. Bxc5 Qxc5 32. Rhe4 Rd2 33. R1e2 Rxe2 34.
Rxe2 b6 35. Qb5 Qxb5 36. axb5 f6 37. Rc2 Kf7 38. c4 Ke6 39. Kf1 Rd4 40. Ke2 Kd6
41. b3 Kc5 42. Rc3 g5 43. Rd3 Rxd3 44. Kxd3 f5 45. g3 Kb4 46. h4 gxh4 47. gxh4
g6 48. f3 Kc5 49. Kc3 Kd6 50. Kd2 Kc5 51. Kc3 Kd6 52. Kd2 Kd7 53. Kd3 Kd6 1/2-1/2

[Event "Czech Open A 2013"]
[Site "Pardubice CZE"]
[Date "2013.07.25"]
[Round "7.2"]
[White "Michalik,P"]
[Black "Chernyshov,K"]
[Result "1/2-1/2"]
[WhiteElo "2579"]
[BlackElo "2514"]
[EventDate "2013.07.19"]

1. d4 e6 2. c4 f5 3. g3 Nf6 4. Bg2 Bb4+ 5. Bd2 Qe7 6. Nf3 Bxd2+ 7. Qxd2 Ne4 8.
Qc2 d6 9. O-O O-O 10. Nc3 Nxc3 11. Qxc3 Nd7 12. e4 fxe4 13. Nd2 d5 14. cxd5 exd5
15. Qxc7 Qb4 16. Qc3 Qxc3 17. bxc3 Nf6 18. f3 Bf5 19. Rae1 exf3 20. Rxf3 Bg6 21.
Re7 Rf7 22. Rfe3 Kf8 23. Rxf7+ Bxf7 24. Nf3 Ng4 25. Re1 Re8 26. Rb1 Re7 27. Bh3
Bg6 28. Rb5 Nf6 29. Ne5 Rc7 30. Nxg6+ hxg6 31. Bg2 b6 32. Rb3 Ke7 33. Kf2 Kd6
34. Ke2 Re7+ 35. Kd2 Ng4 36. Rb1 g5 37. h3 Ne3 38. Bf1 g4 39. hxg4 Nxg4 40. Be2
Nf2 41. Bf3 Ne4+ 42. Bxe4 Rxe4 43. Rf1 Rg4 44. Rf3 Kc6 45. Kc2 a5 46. Kb3 Kb5 1/2-1/2

[Event "Czech Open A 2013"]
[Site "Pardubice CZE"]
[Date "2013.07.25"]
[Round "7.3"]
[White "Dourerassou,J"]
[Black "Stukopin,A"]
[Result "1/2-1/2"]
[WhiteElo "2476"]
[BlackElo "2517"]
[EventDate "2013.07.19"]

1. e4 c5 2. Nf3 Nc6 3. d4 cxd4 4. Nxd4 Nf6 5. Nc3 d6 6. Bg5 e6 7. Qd2 a6 8.
O-O-O h6 9. Nxc6 bxc6 10. Bf4 d5 11. Qe3 Bb4 12. a3 Ba5 13. e5 Nh5 14. Ne4 Bc7
15. Nd6+ Bxd6 16. exd6 Nxf4 17. Qxf4 Qg5 18. Qxg5 hxg5 19. c4 dxc4 20. Bxc4 c5
21. h3 Rh4 22. g4 Bb7 1/2-1/2

[Event "Czech Open A 2013"]
[Site "Pardubice CZE"]
[Date "2013.07.25"]
[Round "7.4"]
[White "Babula,V"]
[Black "Yagupov,I"]
[Result "1/2-1/2"]
[WhiteElo "2583"]
[BlackElo "2389"]
[EventDate "2013.07.19"]

1. d4 d5 2. c4 c6 3. Nf3 Nf6 4. Nc3 e6 5. Bg5 Nbd7 6. e3 Qa5 7. cxd5 Nxd5 8. Qd2
Bb4 9. Rc1 h6 10. Bh4 b6 11. e4 Nxc3 12. bxc3 Ba3 13. Rb1 Ba6 14. Bd3 O-O 15.
O-O Rfe8 16. Rfe1 Bxd3 17. Qxd3 Bf8 18. h3 c5 19. d5 1/2-1/2

[Event "Czech Open A 2013"]
[Site "Pardubice CZE"]
[Date "2013.07.25"]
[Round "7.5"]
[White "Stefansson,H"]
[Black "Kononenko,Dmitry1"]
[Result "1/2-1/2"]
[WhiteElo "2522"]
[BlackElo "2610"]
[EventDate "2013.07.19"]

1. d4 Nf6 2. c4 e6 3. Nf3 b6 4. g3 Ba6 5. b3 b5 6. cxb5 Bxb5 7. Bg2 d5 8. Nc3
Ba6 9. O-O Nbd7 10. Bb2 Rc8 11. Re1 Bb7 12. Ne5 Nxe5 13. dxe5 Nd7 14. e4 Nb6 15.
exd5 Bxd5 16. Nxd5 Nxd5 17. Qg4 c6 18. Rac1 Qa5 19. Bxd5 Qxd5 20. Red1 Qb5 21.
Rc3 g6 22. Rf3 Qb7 23. Rfd3 Be7 24. Qf4 O-O 25. Rd7 Rc7 26. Rxe7 Rxe7 27. Qf6
Rd7 28. Rd6 h6 29. Bc1 Kh7 30. h4 c5 31. Qf4 Rfd8 32. Kh2 Kg8 33. Qf6 Kh7 34. f3
Rg8 35. g4 Rc7 36. Kg3 c4 37. Rd1 cxb3 38. Bxh6 b2 39. Rb1 Kxh6 40. h5 Rc1 41.
hxg6 Rxb1 42. Qh4+ Kg7 43. Qf6+ Kf8 44. Qd8+ Kg7 1/2-1/2

[Event "Czech Open A 2013"]
[Site "Pardubice CZE"]
[Date "2013.07.25"]
[Round "7.6"]
[White "Schlosser,P"]
[Black "Shyam,SM"]
[Result "1/2-1/2"]
[WhiteElo "2602"]
[BlackElo "2505"]
[EventDate "2013.07.19"]

1. c4 c6 2. e4 d5 3. exd5 cxd5 4. cxd5 Nf6 5. Nc3 Nxd5 6. Nf3 Nxc3 7. bxc3 Qc7
8. d4 g6 9. Bd2 Bg7 10. Bd3 O-O 11. O-O Nc6 12. Re1 Rd8 13. Bg5 Bf6 14. Qd2 Bg4
15. Bxf6 exf6 16. Re3 Na5 17. h3 Be6 18. Qb2 Rac8 19. Bf1 Rd6 20. Nd2 f5 21.
Rae1 Qd7 22. Re5 b6 23. Bb5 Qd8 24. Ba4 Qc7 25. R5e3 f4 26. Rd3 Nc4 27. Qc1 Bd5
28. Bb3 b5 29. Nf3 Re6 30. Rdd1 Rxe1+ 31. Rxe1 Kg7 32. Ne5 Nxe5 33. Rxe5 Bxb3
34. Rc5 Qb8 35. Rxc8 Qxc8 36. axb3 f3 37. c4 fxg2 38. Kxg2 a5 39. d5 bxc4 40.
bxc4 Qc5 41. Qb2+ Kf8 42. Qh8+ Ke7 43. Qe5+ Kf8 44. Qh8+ Ke7 45. Qe5+ Kf8 1/2-1/2

[Event "Czech Open A 2013"]
[Site "Pardubice CZE"]
[Date "2013.07.25"]
[Round "7.8"]
[White "Oleksienko,M"]
[Black "Debashis,D"]
[Result "1-0"]
[WhiteElo "2568"]
[BlackElo "2478"]
[EventDate "2013.07.19"]

1. d4 Nf6 2. c4 e6 3. Nf3 d5 4. Nc3 Bb4 5. Qa4+ Nc6 6. e3 O-O 7. Bd2 dxc4 8.
Bxc4 Bd6 9. Nb5 Be7 10. O-O a6 11. Nc3 Bd6 12. Rac1 e5 13. d5 Ne7 14. Qc2 Bf5
15. e4 Bg4 16. Nh4 c6 17. h3 cxd5 18. exd5 Bd7 19. Bg5 Ne8 20. Ne4 h6 21. Be3
Nf5 22. Nxf5 Bxf5 23. f3 Bxe4 24. fxe4 Be7 25. Qc3 Nd6 26. Qxe5 Bf6 27. Qg3 Bxb2
28. Rc2 Bf6 29. e5 Bh4 30. Qf3 Nxc4 31. Rxc4 Bg5 32. Bc5 Be7 33. d6 Bg5 34. h4
Bd2 35. d7 1-0

[Event "Czech Open A 2013"]
[Site "Pardubice CZE"]
[Date "2013.07.25"]
[Round "7.9"]
[White "Mirzoev,A"]
[Black "Simantsev,M"]
[Result "1/2-1/2"]
[WhiteElo "2536"]
[BlackElo "2473"]
[EventDate "2013.07.19"]

1. d4 d5 2. c4 c6 3. Nc3 Nf6 4. cxd5 cxd5 5. Nf3 Nc6 6. Bf4 Bf5 7. e3 e6 8. Bd3
Bxd3 9. Qxd3 Bd6 10. Bxd6 Qxd6 11. O-O O-O 12. Rfc1 Rfc8 13. h3 h6 14. Ne2 Ne7
15. Rxc8+ Rxc8 16. Rc1 Rxc1+ 1/2-1/2

[Event "Czech Open A 2013"]
[Site "Pardubice CZE"]
[Date "2013.07.25"]
[Round "7.10"]
[White "Teske,H"]
[Black "Jaracz,P"]
[Result "1/2-1/2"]
[WhiteElo "2517"]
[BlackElo "2531"]
[EventDate "2013.07.19"]

1. Nf3 c5 2. e4 Nc6 3. Bb5 g6 4. O-O Bg7 5. Nc3 e5 6. Bxc6 dxc6 7. d3 Bg4 8. h3
Bxf3 9. Qxf3 Nf6 10. a3 Qe7 11. Na4 Nd7 12. Qe2 O-O 13. b4 cxb4 14. axb4 b5 15.
Nc5 Nxc5 16. bxc5 a5 17. Be3 a4 1/2-1/2

[Event "Czech Open A 2013"]
[Site "Pardubice CZE"]
[Date "2013.07.25"]
[Round "7.11"]
[White "Pagerka,M"]
[Black "Petr,Ma"]
[Result "0-1"]
[WhiteElo "2213"]
[BlackElo "2523"]
[EventDate "2013.07.19"]

1. e4 e6 2. f4 d5 3. e5 c5 4. Nf3 Nc6 5. c3 Nh6 6. Na3 Bd7 7. Nc2 Qb6 8. d3 Be7
9. Ne3 f6 10. exf6 gxf6 11. g3 O-O-O 12. Bh3 f5 13. O-O Rhg8 14. Bg2 Bf6 15. Ng5
Bxg5 16. fxg5 Nf7 17. Ng4 Rg6 18. h4 Qc7 19. Qe1 h6 20. h5 Rxg5 21. Nxh6 Rg7 22.
Nxf7 Rxf7 23. Bf4 e5 24. Bxd5 Rg7 25. Bxc6 exf4 26. Bxd7+ Kxd7 27. d4 Rxg3+ 28.
Kf2 cxd4 29. Rg1 d3 30. Rxg3 fxg3+ 31. Kg2 Qc6+ 32. Kh3 Rh8 33. Qd1 Qe4 34. a4
g2 0-1

[Event "Czech Open A 2013"]
[Site "Pardubice CZE"]
[Date "2013.07.25"]
[Round "7.12"]
[White "Vorobiov,E"]
[Black "Semcesen,D"]
[Result "1/2-1/2"]
[WhiteElo "2585"]
[BlackElo "2447"]
[EventDate "2013.07.19"]

1. d4 d5 2. c4 dxc4 3. Nf3 a6 4. e3 b5 5. a4 Bb7 6. b3 e6 7. axb5 axb5 8. Rxa8
Bxa8 9. bxc4 bxc4 10. Bxc4 Nf6 11. O-O Bd6 12. Nc3 O-O 13. Qe2 c5 1/2-1/2